PRINCIPLES OF DRUG DISPOSITION IN DOMESTIC ANIMALS (Record no. 17195)

MARC details
000 -LEADER
fixed length control field 00475nam a22001817a 4500
003 - CONTROL NUMBER IDENTIFIER
control field OSt
005 - DATE AND TIME OF LATEST TRANSACTION
control field 20211109091211.0
008 - FIXED-LENGTH DATA ELEMENTS--GENERAL INFORMATION
fixed length control field 211109b |||||||| |||| 00| 0 eng d
020 ## - INTERNATIONAL STANDARD BOOK NUMBER
International Standard Book Number 0721614736
040 ## - CATALOGING SOURCE
Transcribing agency HAWASSA UNIVERSITY
050 ## - LIBRARY OF CONGRESS CALL NUMBER
Classification number 636.0895/BAG
Item number 1
082 ## - DEWEY DECIMAL CLASSIFICATION NUMBER
Classification number 636.0895/BAG
Item number 1
100 ## - MAIN ENTRY--PERSONAL NAME
Personal name BAGGOT J.D.
9 (RLIN) 17378
245 ## - TITLE STATEMENT
Title PRINCIPLES OF DRUG DISPOSITION IN DOMESTIC ANIMALS
260 ## - PUBLICATION, DISTRIBUTION, ETC.
Place of publication, distribution, etc. LONDON
Name of publisher, distributor, etc. TORONTO
Date of publication, distribution, etc. 1977
300 ## - PHYSICAL DESCRIPTION
Extent viii/238
942 ## - ADDED ENTRY ELEMENTS (KOHA)
Source of classification or shelving scheme Dewey Decimal Classification
Koha item type Books like text book referance book
Suppress in OPAC No
Holdings
Withdrawn status Lost status Source of classification or shelving scheme Damaged status Not for loan Home library Current library Date acquired Total Checkouts Full call number Barcode Date last seen Copy number Price effective from Koha item type
    Dewey Decimal Classification     College of Agriculture Library College of Agriculture Library 11/09/2021   636.0895/BAG ALIB0008403 11/09/2021 4 11/09/2021 Books like text book referance book